Informe oral pronunciado en grado de súplica por Enrique Ucelay, abogado del Ilustre Colegio de esta corte, en defensa de Zoilo Gómez Giménez y Francisco Bautista Blázquez, en la ruidosa causa instruida en el Juzgado de Piedrahita contra ellos, Marcos Llerena y consortes [sic], conocida por la de los pasiegos, por homicidio y robo a Nicolás Madrigal. (Record no. 166757)

MARC details
000 -LEADER
campo de control de longitud fija 00899nam a22001575i 4500
001 - NÚMERO DE CONTROL
campo de control 166757
003 - IDENTIFICADOR DE NÚMERO DE CONTROL
campo de control ES-MaACL
005 - FECHA Y HORA DE LA ÚLTIMA TRANSACCIÓN
campo de control 20230906213409.0
008 - DATOS DE LONGITUD FIJA--INFORMACIÓN GENERAL
campo de control de longitud fija 050922s1865 sp | |||||||| ||spa d
100 1# - ENTRADA PRINCIPAL--NOMBRE DE PERSONA
Nombre de persona Ucelay, Enrique.
9 (RLIN) 133434
245 10 - MENCIÓN DEL TÍTULO
Título Informe oral pronunciado en grado de súplica por Enrique Ucelay, abogado del Ilustre Colegio de esta corte, en defensa de Zoilo Gómez Giménez y Francisco Bautista Blázquez, en la ruidosa causa instruida en el Juzgado de Piedrahita contra ellos, Marcos Llerena y consortes [sic], conocida por la de los pasiegos, por homicidio y robo a Nicolás Madrigal.
260 ## - PUBLICACIÓN, DISTRIBUCIÓN, ETC.
Lugar de publicación, distribución, etc. Madrid :
Nombre del editor, distribuidor, etc. [s.n.],
Fecha de publicación, distribución, etc. 1865 (
Fabricante Estab. tip. de Ancos)
300 ## - DESCRIPCIÓN FÍSICA
Extensión 33 p. ;
Dimensiones 21 cm.
650 #4 - PUNTO DE ACCESO ADICIONAL DE MATERIA--TÉRMINO DE MATERIA
Término de materia o nombre geográfico como elemento de entrada Alegaciones jurídicas-
Subdivisión cronológica S. XIX.
9 (RLIN) 135548
852 4# - LOCALIZACIÓN
Ubicación ES-MaACL
Número de control de estantería T-89-F-14
Nota libre - Enc. hol., falto de la enc. original
-- - Enc. en un vol. facticio
-- - Dedicatoria autógrafa del autor
Holdings
Estatus retirado Estado de pérdida Estado de daño No para préstamo Colección Biblioteca de origen Biblioteca actual Ubicación en estantería Fecha de adquisición Total de préstamos Signatura topográfica completa Código de barras Visto por última vez Precio de reemplazo Tipo de ítem Koha
        Colección de folletos Biblioteca del Ateneo de Madrid Biblioteca del Ateneo de Madrid Depósito folletos 17/01/2008   T-89-F-14 1174892 23/02/2023 23/02/2023 Folleto